书目信息 |
| 题名: |
电子与通信工程专业基础实验教程
|
|
| 作者: | 王冬霞 主编 | |
| 分册: | ||
| 出版信息: | 沈阳 东北大学出版社 2014 |
|
| 页数: | 234页 | |
| 开本: | 26cm | |
| 丛书名: | ||
| 单 册: | ||
| 中图分类: | TN01-33 | |
| 科图分类: | ||
| 主题词: | 电子技术--实验--高等学校--教材 , 通信工程--实验--高等学校--教材 | |
| 电子资源: | ||
| ISBN: | 978-7-5517-0639-1 | |
| 000 | 00980nam0 2200253 450 | |
| 001 | 012015000643 | |
| 005 | 20150914104511.02 | |
| 010 | @a978-7-5517-0639-1@dCNY45.00 | |
| 100 | @a20141224d2014 em y0chiy50 ea | |
| 101 | 0 | @achi |
| 102 | @aCN@b210000 | |
| 105 | @ay z 000yy | |
| 106 | @ar | |
| 200 | 1 | @a电子与通信工程专业基础实验教程@Adian zi yu tong xin gong cheng zhuan ye ji chu shi yan jiao cheng@f王冬霞主编 |
| 210 | @a沈阳@c东北大学出版社@d2014 | |
| 215 | @a234页@d26cm | |
| 300 | @a“十二五”高等学校专业教材建设工程 | |
| 330 | @a本书内容涵盖了“信号与系统”“微机原理”“数字信号处理”“通信原理”“单片机接口技术”“高频电子线路”“嵌入式系统基础”“EDA技术”“光纤通信”“程控交换技术”“MATLAB编程基础”等课程的配套实验内容。 | |
| 606 | 0 | @a电子技术@x实验@x高等学校@j教材 |
| 606 | 0 | @a通信工程@x实验@x高等学校@j教材 |
| 690 | @aTN01-33@v5 | |
| 701 | 0 | @a王冬霞@Awang dong xia@4主编 |
| 801 | 0 | @aCN@b碧洲教育@c20150718 |
| 905 | @a10447@f4@dTN01-33@e108 | |
| 电子与通信工程专业基础实验教程/王冬霞主编.-沈阳:东北大学出版社,2014 |
| 234页;26cm |
| “十二五”高等学校专业教材建设工程 |
| ISBN 978-7-5517-0639-1:CNY45.00 |
| 本书内容涵盖了“信号与系统”“微机原理”“数字信号处理”“通信原理”“单片机接口技术”“高频电子线路”“嵌入式系统基础”“EDA技术”“光纤通信”“程控交换技术”“MATLAB编程基础”等课程的配套实验内容。 |
| ● |
| 相关链接 |
|
|
|
|
正题名:电子与通信工程专业基础实验教程
索取号:TN01-33/108
 
预约/预借
| 序号 | 登录号 | 条形码 | 馆藏地/架位号 | 状态 | 备注 |
| 1 | 0848592 | 208485922 | 第二样本阅览室/ [索取号:TN01-33/108] | 在馆 | |
| 2 | 0848593 | 208485931 | 第三借阅区/ [索取号:TN01-33/108] | 在馆 | |
| 3 | 0848594 | 208485940 | 第三借阅区/ [索取号:TN01-33/108] | 在馆 | |
| 4 | 0848595 | 208485959 | 密集书库-物理学院/ [索取号:TN01-33/108] | 在馆 |